CAD/CAM: Theory and concepts (Record no. 18324)
[ view plain ]
| 000 -LEADER | |
|---|---|
| fixed length control field | 00442nam a2200169Ia 4500 |
| 008 - FIXED-LENGTH DATA ELEMENTS--GENERAL INFORMATION | |
| fixed length control field | 230917s9999||||xx |||||||||||||| ||und|| |
| 020 ## - ISBN | |
| Price | RS450 |
| 040 ## - CATALOGING SOURCE | |
| -- | 232440 |
| Original cataloging agency | VIVEKANANDA LIBRARY |
| 041 ## - Language | |
| -- | English |
| 082 ## - DDC NUMBER | |
| Classification number | 001.64 S72C |
| 100 ## - MAIN ENTRY--PERSONAL NAME | |
| Personal name | Sareen, Kuldeep |
| 245 #0 - TITLE STATEMENT | |
| Title | CAD/CAM: Theory and concepts |
| 260 ## - PUBLICATION, DISTRIBUTION, ETC. (IMPRINT) | |
| Place of publication, distribution, etc | New Delhi |
| Name of publisher, distributor, etc | S chand |
| Date of publication, distribution, etc | 2015 |
| 300 ## - PHYSICAL DESCRIPTION | |
| Pages | xix, 453 p. |
| 500 ## - GENERAL NOTE | |
| General note | 2296 10/03/2016 HBD15/1732 12/03/2016 Main Budget |
| 942 ## - ADDED ENTRY ELEMENTS (KOHA) | |
| Koha item type | Books |
| Withdrawn status | Lost status | Damaged status | Not for loan | Location (home branch) | Sublocation or collection (holding branch) | Shelving location | Date acquired | Koha issues (times borrowed) | Koha full call number | Accession No. | Koha date last seen | Koha item type |
|---|---|---|---|---|---|---|---|---|---|---|---|---|
| VIVEKANANDA LIBRARY | VIVEKANANDA LIBRARY | UIET Library | 08/04/2016 | 2 | 001.64 S72C | 352530 | 01/01/2025 | Books | ||||
| VIVEKANANDA LIBRARY | VIVEKANANDA LIBRARY | UIET Library | 08/04/2016 | 001.64 S72C | 352531 | 17/09/2023 | Books | |||||
| VIVEKANANDA LIBRARY | VIVEKANANDA LIBRARY | UIET Library | 08/04/2016 | 001.64 S72C | 352532 | 17/09/2023 | Books | |||||
| VIVEKANANDA LIBRARY | VIVEKANANDA LIBRARY | UIET Library | 08/04/2016 | 2 | 001.64 S72C | 352533 | 31/12/2024 | Books | ||||
| VIVEKANANDA LIBRARY | VIVEKANANDA LIBRARY | UIET Library | 08/04/2016 | 001.64 S72C | 352534 | 17/09/2023 | Books | |||||
| VIVEKANANDA LIBRARY | VIVEKANANDA LIBRARY | UIET Library | 08/04/2016 | 3 | 001.64 S72C | 352535 | 02/01/2025 | Books | ||||
| VIVEKANANDA LIBRARY | VIVEKANANDA LIBRARY | UIET Library | 08/04/2016 | 1 | 001.64 S72C | 352536 | 30/09/2024 | Books | ||||
| VIVEKANANDA LIBRARY | VIVEKANANDA LIBRARY | UIET Library | 08/04/2016 | 2 | 001.64 S72C | 352537 | 03/01/2025 | Books | ||||
| VIVEKANANDA LIBRARY | VIVEKANANDA LIBRARY | UIET Library | 08/04/2016 | 3 | 001.64 S72C | 352538 | 31/12/2024 | Books | ||||
| VIVEKANANDA LIBRARY | VIVEKANANDA LIBRARY | UIET Library | 08/04/2016 | 001.64 S72C | 352539 | 17/09/2023 | Books |
